Представление документа в формате RUSMARC

ПолеНазваниеЗначение
  Тип записи a
  Библиографический уровень m
001 Контрольный номер RU/REG73/CBS_GRAD/1/712795688
005 Дата корректировки 20221122154846.2
010 Индекс ISBN __
a ISBN 978-5-389-15922-8
101 Язык документа __
a Язык текста rus
200 Заглавие и сведения об ответственности __
a Заглавие Русский канон: Книги ХХ века
f Первые сведения об ответственности Игорь Сухих
b Общее обозначение материала Текст
203 Вид содержания и тип средства __
a Вид содержания Текст (визуальный) : непосредственный
210 Выходные данные __
a Место издания Санкт-Петербург
c Издательство Азбука, Азбука-Аттикус
d Дата издания 2019
215 Физическое описание __
a Объем 768 с.
225 Серия __
a Серия Новый культурный код
225 Серия __
a Серия Миры Марии Семёновой
686 Индексы других классификаций __
a Классификационный индекс 83.3
700 Автор __
a Фамилия Сухих
g Полное личное имя Игорь
801 Источник записи _0
a Страна RU
b Организация RuCBSGrad
g Правила каталогизации PSBO
801 Источник записи _1
a Страна RU
b Организация RuCBSGrad
g Правила каталогизации PSBO
901 Тип документа __
t Тип документа m
981 __
b i
2 isbdcontent
g e
982 __
b n
2 isbdmedia
993 __
a 141895
b 38657
e 284779
f ЦГБ
h 498.08
i 284779
m 1
n 44775
o I
x 1
y 6